[Event "Modbury Championship"]
[Site "Modbury"]
[Date "1997.??.??"]
[Round "?"]
[White "Van der Schoot, Peter"]
[Black "Kramer, Warren"]
[Result "0-1"]
[WhiteElo "1443"]
[BlackElo "1279"]
[Annotator "Fritz 5.32"]
[PlyCount "78"]
[EventDate "1997.??.??"]
[EventType "tourn"]
[EventRounds "11"]
[EventCountry "AUS"]

1. e4 c5 {
Opening = B50 - Sizilianisch-Verschiedenes mit 2...d6 /Sicilian-Various 2...d6}
2. Nf3 d6 3. g3 Nf6 4. d3 Nc6 5. Bg2 g6 $146 (5... e5 6. O-O (6. c3 Be7 7. O-O
Be6 8. Nbd2 Qc7 9. Re1 O-O 10. Nf1 Ne8 11. Ne3 Bf6 12. Nf5 Ne7 13. g4 Ng6 14.
g5 Bd8 15. N3h4 Qd7 16. Be3 Nxh4 17. Nxh4 g6 18. d4 Bg4 19. f3 cxd4 20. cxd4
exd4 {Nagy,E-Derera,M/HUN-chW 1990/TD 92\07/1-0 (50)}) 6... Be7 7. Nc3 (7. Nbd2
Be6 8. Re1 Qd7 9. Nf1 O-O 10. h4 Rac8 11. N1h2 b5 12. Ng5 b4 13. Nxe6 fxe6 14.
Ng4 Nxg4 15. Qxg4 Rf6 16. h5 Rcf8 17. h6 g6 18. Be3 Bd8 19. Kh2 Qf7 20. Qh3 Kh8
21. g4 Qd7 {Rutherford,E-Cmilyte,V/WchJW-U12 Szeged 1994/TD 94\01/0-1 (35)})
7... h5 8. Bg5 Be6 9. Qd2 Qd7 10. Rfb1 Bh3 11. Bh1 Nd4 12. Bxf6 Bxf6 13. Nd5
Bd8 14. c3 Nxf3+ 15. Bxf3 h4 16. d4 hxg3 17. fxg3 cxd4 18. cxd4 Be6 19. dxe5
Bxd5 20. exd5 {Zahn,N-Gant,O/BLW 1992/BIG 90/0-1 (36)}) (5... Bg4 6. h3 Bxf3 7.
Bxf3 g6 (7... Rb8 8. Be3 g6 9. Qd2 Bg7 10. Nc3 b5 11. g4 Nd7 12. Bg2 Nd4 13. f4
h5 14. Nd1 e5 15. g5 exf4 16. Bxf4 Ne5 17. O-O O-O 18. Ne3 Rb7 19. Nd5 Kh8 20.
c3 Ne6 21. Be3 a5 22. Nf6 {
Leroy,A-Ngo,N/WchJM-U12 Bratislava 1993/TD 93\05/1-0 (60)}) 8. O-O Bg7 9. Nc3
O-O 10. Bg2 Nd7 11. Be3 a6 12. Qd2 b5 13. Bh6 e6 14. Bxg7 Kxg7 15. f4 b4 16.
Ne2 Re8 17. Kh2 e5 18. f5 Nd4 19. g4 Nxe2 20. Qxe2 {
Gusejnova,S-Kiss,F/WchJW-U14 Duisburg 1992/TD 92\06/1/2-1/2 (49)}) 6. Bg5 Bg7
7. O-O Bg4 8. h3 Bd7 9. Nc3 O-O 10. Qd2 a6 {Secures b5} 11. a4 Qc8 12. Kh2 Rb8
13. Bh6 Nd4 14. Nxd4 $15 (14. Bxg7 $142 $5 {and White is still in the game}
Nxf3+ 15. Bxf3 Kxg7 16. Bg2 $14) 14... cxd4 $11 (14... Bxh6 $142 $5 {
is interesting} 15. Qxh6 cxd4 $17) 15. Ne2 $15 (15. Bxg7 $142 $5 {
is an interesting idea} dxc3 16. Qh6 cxb2 17. Bxf8 Ng4+ 18. hxg4 bxa1=Q 19.
Rxa1 Qxf8 20. g5 $15) 15... Qc5 $16 (15... Bxh6 $142 {and Black hangs on} 16.
Qxh6 Qxc2 17. Nxd4 Qxb2 $17) 16. Bxg7 Kxg7 17. b4 {
White prepares the advance a5} Qa7 18. f4 b5 19. e5 {White wins space} dxe5 $16
(19... Ne8 $142 $5 {should be investigated more closely} 20. axb5 Bxb5 $14) 20.
fxe5 Ng8 {The knight aims for Nf6-g8-h6-f5-e3} 21. a5 {White gains space} Be6 {
In the style of Nimzovich} 22. Nf4 Qd7 23. Rae1 Nh6 $18 (23... Rbc8 $142 $5 $14
{is an interesting alternative}) 24. Qf2 $4 $11 {
not a good decision, because now the opponent is right back in the game} (24.
Nh5+ $142 $1 gxh5 25. Qg5+ Kh8 26. Qxh6 $16) 24... Nf5 25. g4 Ne3 {
Black can be proud of that piece. Black gets strong initiative} 26. Rxe3 dxe3 {
Don't underestimate that pawn} 27. Qxe3 Rfc8 28. Rc1 Rc3 29. Ne2 Rc7 30. d4
Rbc8 31. Be4 Bd5 32. Bxd5 Qxd5 33. Nf4 $4 $19 (33. c3 $142 $15 {
this is the best bet to save the position}) 33... Rxc2+ 34. Rxc2 (34. Kg3 Qc4
35. Rxc2 Qxc2 $19) 34... Rxc2+ 35. Kg3 Qc4 36. Kh4 Rc3 {The mate threat is Rxe3
} 37. Qe4 (37. Nh5+ {what else?} gxh5 38. Qg5+ Kf8 39. Qh6+ Ke8 40. Qxa6 $19)
37... Qf1 {Do you see the mate threat?} 38. g5 (38. Nd3 {is not the saving move
} Rxd3 39. Qxd3 Qxd3 40. d5 Qe3 41. e6 Qf2+ 42. Kg5 h6#) 38... Qf2+ 39. Kg4
Qg3# 0-1

[Event "Modbury Championship"]
[Site "Modbury"]
[Date "1997.??.??"]
[Round "?"]
[White "Anderson-Smith, William"]
[Black "Giermann, Arno"]
[Result "1-0"]
[WhiteElo "1465"]
[BlackElo "1556"]
[Annotator "Fritz 5.32"]
[PlyCount "85"]
[EventDate "1997.??.??"]
[EventType "tourn"]
[EventRounds "11"]
[EventCountry "AUS"]

1. d4 e5 {Opening = A40 - Seltene Antworten auf 1.d4 /Unusual replies to 1.d4}
2. dxe5 (2. d5 Bc5 3. e4 Nf6 4. Bg5 Bxf2+ 5. Ke2 d6 6. Nf3 Bc5 7. Nc3 Bg4 8.
Qd3 a6 9. Kd2 Bb4 10. Be3 Nbd7 11. a3 Nc5 12. Bxc5 Bxc5 13. Be2 Nh5 14. g3 h6
15. Raf1 Bh3 16. Rd1 Bg2 {
Schroevers,R-Baete,G/Vlissingen op 1996/EXP 53/0-1 (56)}) 2... d6 $146 (2... f6
3. exf6 Nxf6 4. Nf3 d5 5. Bg5 Nc6 6. e3 h6 7. Bh4 g5 8. Bg3 Ne4 9. Nd4 Bd6 10.
Qh5+ Ke7 11. Nxc6+ bxc6 12. Bd3 Bf5 13. Qe2 Rb8 14. Bxd6+ Kxd6 15. f3 Qf6 16.
c3 Nc5 17. Bxf5 {Mueller,H-Stopka,D/NRW-I 1992/TD 92\01/1-0 (36)}) (2... Qh4 3.
Nf3 Qa4 4. Nc3 Qa5 5. e4 {1/2-1/2 Miles,A-Huebner,R/Tilburg 1985/MCL 01 (5)})
3. g3 $11 (3. Nf3 $5 $16) 3... Nc6 $16 (3... dxe5 4. Qxd8+ Kxd8 5. Nc3 $11) 4.
exd6 Bxd6 5. Bg2 Ne5 (5... Nf6 6. Bf4 $16) 6. Nf3 Nxf3+ 7. Bxf3 Ne7 8. O-O Bh3
9. Bg2 $14 (9. Bxb7 $5 Bxf1 10. Bxa8 (10. Qxf1 $143 Rb8 11. Bg2 O-O $14) (10.
Kxf1 $143 Bxg3 11. Nd2 Rb8 $15) 10... Bxe2 11. Qxe2 Qxa8 12. Nc3 $16) 9... Bxg2
10. Kxg2 Qd7 11. Nd2 O-O-O 12. c4 $4 $19 {
with this move White loses his initiative} (12. e4 $142 $14 {the rescuing straw
}) 12... Qc6+ $4 $11 {weakening the position} (12... Bb4 $142 $19 {
Black clearly has the better chances}) 13. f3 Nf5 14. Qb3 Nd4 $14 (14... Bc5
15. Ne4 Nd4 16. Qc3 $15) 15. Qd3 Bc5 16. Nb3 Nxb3 17. Qxb3 Rhe8 18. e4 h5 19.
Bf4 (19. h4 f5 20. Bg5 Be7 21. Bxe7 Rxe7 $16) 19... f6 {
Prevents intrusion on e5+g5} 20. Rad1 g5 21. Bc1 g4 {This push gains space} 22.
Rxd8+ Rxd8 23. Rd1 $15 (23. Qb5 $5 {is worthy of consideration} Qd6 24. b4 Bxb4
25. Qxh5 gxf3+ 26. Qxf3 $14) 23... Re8 $11 (23... gxf3+ 24. Kxf3 Rxd1 25. Qxd1
Qe6 $11) 24. Rd5 Re5 $14 (24... h4 $5 $11 {deserves consideration}) 25. Qd3 {
Threatening mate: Rd8. White gets kings attack} Rxd5 (25... gxf3+ 26. Qxf3 Qe6
27. Bf4 $16) 26. Qxd5 Qb6 $18 (26... Qxd5 $5 27. cxd5 Kd7 $16) 27. fxg4 Bg1 $2
(27... hxg4 28. Qg8+ Kd7 29. Qxg4+ Ke7 $18) 28. Qf5+ (28. gxh5 $6 {
is clearly worse} Qf2+ 29. Kh3 Qf1+ 30. Kg4 Qxc1 31. Qe6+ Kd8 32. Qxf6+ Kd7 33.
Qf7+ Kd8 34. Qf8+ Kd7 $16) 28... Kd8 29. gxh5 {
The passed pawn on h5 will quickly become a dangerous weapon} Be3 (29... Ke7
30. h6 Bxh2 31. Kxh2 $18) 30. Bxe3 (30. h6 {might be the shorter path} Bxh6 31.
Bxh6 Qxb2+ 32. Kh3 Qd4 $18) 30... Qxe3 31. Qxf6+ Ke8 32. Kh3 Qxe4 33. Qg6+ Qxg6
34. hxg6 Kf8 35. Kg4 Kg7 36. Kg5 c5 37. h4 a6 38. a4 a5 39. h5 b6 40. h6+ Kh8 (
40... Kf8 {cannot change destiny} 41. Kf6 Ke8 42. g7 Kd7 43. g8=Q b5 44. h7
bxa4 45. h8=Q Kc7 46. Qb8+ Kd7 47. Qhe8#) 41. Kf6 (41. g7+ Kh7 42. Kf6 b5 43.
Kf7 Kxh6 44. g8=Q bxa4 45. Qg6#) 41... Kg8 42. g7 b5 (42... Kh7 {
does not help much} 43. Kf7 Kxh6 44. g8=Q b5 45. Qg6#) 43. Kg6 (43. Kg6 bxa4
44. h7#) 1-0

[Event "Modbury Championship"]
[Site "Modbury"]
[Date "1997.??.??"]
[Round "?"]
[White "Giermann, Arno"]
[Black "Gray, Graham"]
[Result "1/2-1/2"]
[WhiteElo "1556"]
[BlackElo "1536"]
[Annotator "Fritz 5.32"]
[PlyCount "104"]
[EventDate "1997.??.??"]
[EventType "tourn"]
[EventRounds "11"]
[EventCountry "AUS"]

1. e4 e5 {Opening = C35 - Cunningham-Gambit /Cunningham Gambit} 2. f4 exf4 3.
Nf3 Be7 4. Bc4 Nf6 5. d3 $146 {Covers e4} (5. e5 Nh5 (5... Ne4 6. O-O d5 7.
exd6 Nxd6 8. Bb3 O-O 9. d4 g5 10. c4 Bg4 11. Nc3 Nc6 12. Kh1 Nf5 13. d5 Ncd4
14. Qd3 Nxb3 15. axb3 h6 16. Ne5 h5 17. Nxg4 hxg4 18. Qxf5 Kg7 19. Bd2 Kh8 20.
Ne4 {1-0 Black,R-Castillo,O/Moscow olm 1994/EXP 44 (20)}) 6. d4 d5 7. exd6 Bxd6
8. Qe2+ Qe7 9. Qxe7+ Bxe7 10. O-O O-O 11. Ne5 Be6 12. Be2 Nf6 13. Bf3 c6 14.
Bxf4 Rd8 15. c3 Nbd7 16. Nd2 Nd5 17. Bg3 Ne3 18. Rf2 Nxe5 19. Bxe5 Ng4 {
Asanov,B-Malaniuk,V/Copenhagen Unibank 1991/TD 91\06/1/2-1/2 (56)}) (5. Nc3 O-O
6. e5 Ng4 7. Qe2 d6 8. d4 dxe5 9. dxe5 Ne3 10. Bxe3 fxe3 11. Rd1 Qe8 12. O-O
Be6 13. Bxe6 fxe6 14. Qxe3 Nc6 15. Qe4 Bc5+ 16. Kh1 Qe7 17. Qg4 Rad8 18. Ne4
Rxd1 19. Rxd1 Rd8 {Lendwai,R-Chiburdanidze,M/Graz 1991/EXP 22/1/2-1/2 (61)})
5... d5 6. exd5 Nxd5 7. O-O O-O $11 (7... Ne3 8. Bxe3 fxe3 9. Re1 $15) 8. Bxd5
Qxd5 9. Bxf4 c6 10. Nc3 Qh5 11. Ne4 $11 (11. Ne5 Qh4 $11) 11... Be6 12. Qe1 Re8
13. Qg3 Qg4 (13... Nd7 14. a3 $11) 14. h3 (14. Nd4 Qxg3 15. Bxg3 Bd5 $11) 14...
Qxg3 15. Bxg3 h6 {Controls g5} 16. Ne5 Nd7 17. Nxd7 Bxd7 18. Rae1 b5 19. Nd6
Bxd6 20. Bxd6 Re6 21. Rxe6 Bxe6 22. d4 a5 ({Instead of} 22... Bxa2 23. b3 $14)
23. Bc5 $15 (23. a3 Re8 $11) 23... a4 $11 (23... Bxa2 $5 24. g4 Be6 $15) 24. a3
Re8 25. Re1 f6 26. Kf2 Kf7 27. g4 h5 28. Kg3 Rh8 29. gxh5 Rxh5 30. h4 g5 31.
hxg5 Rxg5+ 32. Kf2 Bd5 33. Rg1 Rh5 34. Kg3 f5 35. Rf1 Ke6 36. Rf2 Rg5+ 37. Kf4
Rg4+ 38. Ke3 Re4+ 39. Kd2 f4 40. c3 Kf5 41. Re2 Bc4 42. Rxe4 Kxe4 {
Active king in the endgame} 43. Ke1 f3 44. Kf2 Be2 45. Ke1 Kd3 46. Kf2 Kc2 47.
Ke1 Kxb2 48. Bb4 Kc2 49. Kf2 Kd3 50. Bc5 $17 (50. Ba5 Ke4 $15) 50... Kc4 $15 (
50... Kxc3 51. Ke3 $17) 51. Bb4 Bd1 52. Ke3 Kd5 1/2-1/2

[Event "Modbury Championship"]
[Site "Modbury"]
[Date "1997.??.??"]
[Round "?"]
[White "Van der Schoot, Peter"]
[Black "Anderson-Smith, William"]
[Result "0-1"]
[WhiteElo "1443"]
[BlackElo "1465"]
[Annotator "Fritz 5.32"]
[PlyCount "36"]
[EventDate "1997.??.??"]
[EventType "tourn"]
[EventRounds "11"]
[EventCountry "AUS"]

1. e4 e6 {
Opening = C09 - Französische Vert-Tarrasch Varian /French Def-Tarrasch Variat}
2. d4 d5 3. Nd2 c5 4. Bb5+ Nc6 5. exd5 exd5 6. dxc5 $146 (6. Ngf3 Bd6 7. dxc5
Bxc5 8. O-O Nge7 9. Nb3 Bb6 10. Nfd4 (10. c4 dxc4 11. Qxd8+ Bxd8 12. Bxc4 O-O
13. Bf4 Ng6 14. Bd6 Be7 15. Bxe7 {
1/2-1/2 Gipslis,A-Dolmatov,S/URS-chT 1988/TD 88\11 (15)}) (10. c3 Bg4 11. Bg5
f6 12. Bf4 O-O 13. h3 Bh5 14. Be2 Qd7 15. Re1 Rad8 16. Nfd4 Bxe2 17. Rxe2 Ng6
18. Bh2 Rfe8 19. Qd2 Re4 20. Rae1 Nxd4 21. Nxd4 Bxd4 22. cxd4 Rxe2 23. Rxe2 Re8
24. Rxe8+ Qxe8 {Lampe,J-Schmidt,M/Schoeneck 1996/0-1 (47)}) (10. Bg5 O-O 11.
Qd2 f6 12. Bf4 Ng6 13. Rad1 Bg4 14. Be2 Re8 15. Rfe1 Qd7 16. Bg3 Kh8 17. h3 Bf5
18. Bd3 Bxd3 19. Qxd3 Rxe1+ 20. Rxe1 Nb4 21. Qd2 a5 22. c3 Na6 23. Qe2 a4 24.
Nbd4 Nc5 25. Nd2 f5 26. f3 a3 27. b3 Na6 28. Qd3 Nc7 29. Kh1 f4 30. Bf2 Re8 31.
Rxe8+ Nxe8 32. Qe2 Nf6 33. Kg1 Qc8 34. Qe6 Qc7 35. Nb1 Nf8 36. Qf5 N8d7 37. Ne6
Bxf2+ 38. Kxf2 Qb6+ 39. Nd4 Qd6 40. Qe6 Qf8 41. Kg1 Nc5 42. Qf5 {
1/2-1/2 Schlaeger,U-Kordsachia,T/BL2-N 1990/BL2 (42)}) 10... O-O 11. Bg5 Qd6
12. Re1 Ng6 13. Bf1 a6 14. Nxc6 bxc6 15. c4 d4 16. c5 Bxc5 17. Nxc5 Qxc5 18.
Bd2 Be6 19. Qa4 Rfc8 20. Re4 Rd8 {
Vokac,M-Priehoda,V/CSR-chT 1992/TD 92\10/0-1 (55)}) 6... Bxc5 7. Nb3 Bb6 8. Nf3
Nge7 9. O-O O-O 10. Bg5 f6 {Consolidates e5. Black begins to deal mighty blows}
11. Bf4 Ng6 12. Bg3 Bg4 13. h3 Bh5 14. Qd3 Nge5 15. Nxe5 Nxe5 16. Bxe5 $17 (16.
Qf5 $5 Bg6 17. Qe6+ Bf7 18. Qf5 $11) 16... fxe5 17. Qg3 Qf6 {
f2 draws heavy fire} 18. Rfe1 $4 $19 (18. Rae1 $142 $15 {is the best chance})
18... Bxf2+ (18... Bxf2+ 19. Qxf2 $5 Qxf2+ 20. Kh1 Rf6 $19) 0-1

[Event "Modbury Championship"]
[Site "Modbury"]
[Date "1997.??.??"]
[Round "?"]
[White "Maaz, John"]
[Black "Kramer, Warren"]
[Result "0-1"]
[WhiteElo "1214"]
[BlackElo "1279"]
[Annotator "Fritz 5.32"]
[PlyCount "80"]
[EventDate "1997.??.??"]
[EventType "tourn"]
[EventRounds "11"]
[EventCountry "AUS"]

1. d4 Nf6 {
Opening = E90 - Königsindisch-Klassisches System /King's Indian-Classical Syst}
2. c4 c5 3. d5 g6 4. Nc3 d6 5. e4 Bg7 6. Nf3 O-O 7. Bf4 Nbd7 $146 (7... Re8 8.
Nd2 e6 9. Be2 Na6 10. O-O Nc7 11. Bg3 exd5 12. cxd5 b5 13. Bxb5 Nxb5 14. Nxb5
Nh5 15. Nc4 Nxg3 16. hxg3 Ba6 17. Ncxd6 Be5 18. Qa4 Qb6 19. b4 Bxb5 20. Nxb5
Bxa1 21. bxc5 Qxc5 22. Rxa1 {
Kozul,Z-Cebalo,M/Cetinje 1990/EXT 90ch/1/2-1/2 (36)}) (7... e5 8. Bg5 h6 9. Bd2
Nh7 10. Qc1 h5 11. g3 f5 12. Nh4 Qf6 13. exf5 Bxf5 14. Bg2 Bd3 15. Be3 Na6 16.
Ne4 Bxe4 17. Bxe4 Ng5 18. Bg2 e4 19. O-O Nf3+ 20. Nxf3 exf3 21. Bh3 Rae8 22.
Qd2 Re4 23. b3 Kh7 24. Rac1 b6 25. Rfe1 Rfe8 26. Bf1 Qf5 27. Bf4 Nb4 28. Rxe4
Rxe4 29. a3 Rd4 30. Qe3 Nd3 31. Bxd3 Rxd3 32. Qe6 Qxe6 33. dxe6 Bf6 34. Re1 Kg8
35. h4 Kf8 36. Re3 Rd1+ 37. Kh2 Ke7 38. Bg5 Bxg5 39. hxg5 d5 40. cxd5 Rxd5 41.
Rxf3 Rxg5 42. Rf7+ {
1/2-1/2 Portisch,L-Hjartarson,J/Rotterdam WCup 1989/CBM 13 (42)}) (7... b5 8.
cxb5 a6 9. a4 Qa5 10. Bd2 e6 11. Bd3 axb5 12. Nxb5 Qd8 13. dxe6 Bxe6 14. O-O
Nc6 15. Bc3 Nb4 16. Re1 Qb6 17. Bf1 Rfd8 18. Qd2 d5 19. Bxb4 dxe4 20. Qe3 exf3
21. Qxc5 Qb7 22. Bc3 {Sonntag,H-Hausrath,D/BL9596 1996/BL 90/1-0 (41)}) (7...
Nh5 8. Be3 e5 9. dxe6 Bxe6 10. Be2 Nc6 11. O-O Bg4 12. Qd2 Qe7 13. Nd5 Qd7 14.
h3 Bxf3 15. Bxf3 Nf6 16. Nxf6+ Bxf6 17. Bxc5 Bxb2 18. Rad1 Be5 19. Bxd6 Bxd6
20. Qxd6 Qxd6 21. Rxd6 Ne5 22. Be2 {
Urday,H-Uhlmann,W/Novi Sad olm 1990/TD 90\06/1-0 (58)}) (7... Bg4 8. Be2 Nbd7
9. h3 Bxf3 10. Bxf3 Nb6 11. Qe2 Nfd7 12. O-O Ne5 13. Bxe5 Bxe5 14. Qd3 Nd7 15.
Rab1 Bg7 16. Be2 Qa5 17. a3 a6 18. Qc2 Rab8 19. Rfc1 h5 20. b4 Qc7 21. Qb3 Rfc8
22. Rc2 {Capris,M-Heinze,W/OLWuert 1993/GER 03/0-1 (33)}) 8. Bd3 Qb6 9. Qc2 Nh5
10. Na4 Qc7 11. Bd2 Ne5 12. Nxe5 Bxe5 13. Bc3 Bxc3+ (13... Rd8 14. O-O $11) 14.
Nxc3 ({Inferior is} 14. bxc3 Nf4 15. O-O e5 $15) 14... Bd7 15. Qd2 e6 $14 (
15... e5 16. dxe6 fxe6 17. O-O $11) 16. O-O a6 $14 {Consolidates b5} (16... e5
17. Ne2 $11) 17. Be2 Ng7 18. a3 $11 (18. dxe6 Bxe6 19. Rad1 Rad8 $14) 18... f5
19. dxe6 {White advances the passed pawn} Bxe6 20. Nd5 {Praise the knight!}
Bxd5 21. Qxd5+ Kh8 22. Rad1 {The backward pawn on d6 becomes a target} fxe4 23.
Qxe4 {Black gets strong play along the open e-file} Rae8 24. Qc2 Nf5 {
Black launches an attack} 25. Qc3+ Nd4 {The black knight is well posted.} 26.
Bf3 $15 (26. Bd3 Qf7 $11) 26... Qg7 27. Rfe1 $17 (27. Bg4 Re4 28. Qh3 Qf7 $15)
27... Rxe1+ 28. Rxe1 $17 (28. Qxe1 Rxf3 29. Rxd4 cxd4 30. gxf3 Qf6 $11) 28...
Nxf3+ 29. gxf3 Qxc3 {The mate threat is Qxe1} 30. bxc3 Rxf3 31. Re3 (31. Re8+
$142 Kg7 32. Re7+ Kh6 33. Rxb7 Rxc3 34. Rb6 $19) 31... Rxe3 32. fxe3 Kg7 33.
Kf2 Kf6 34. Kf3 Kf5 35. h4 (35. h3 g5 $19) 35... h6 36. e4+ Ke5 37. Ke3 g5 38.
h5 g4 39. a4 b6 40. Kd3 Kf4 (40... Kf4 41. Kd2 Kxe4 $19) 0-1

[Event "Modbury Championship"]
[Site "Modbury"]
[Date "1997.??.??"]
[Round "?"]
[White "Gaviola, Cecil"]
[Black "Vuglar, Shanon"]
[Result "0-1"]
[WhiteElo "1498"]
[BlackElo "1101"]
[Annotator "Fritz 5.32"]
[PlyCount "146"]
[EventDate "1997.??.??"]
[EventType "tourn"]
[EventRounds "11"]
[EventCountry "AUS"]

1. e4 e5 {Opening = C54_03 Italianische Partie 5.d4 / Italian Opening 5.d4} 2.
Nf3 Nc6 3. Bc4 Bc5 4. c3 Nf6 5. d4 exd4 6. cxd4 Bb4+ 7. Bd2 Nxe4 8. Bxb4 Nxb4
9. Bxf7+ Kxf7 10. Qb3+ d5 11. Qxb4 (11. Ne5+ Kf6 (11... Ke8 12. Qxb4 Rf8 13.
Nc3 Qh4 14. O-O c6 15. Rae1 Qe7 16. Qxe7+ Kxe7 17. f3 Nxc3 18. Ng6+ Kf7 19.
Nxf8 Kxf8 20. bxc3 Bf5 21. Re5 Bd3 22. Rfe1 b6 23. Re7 c5 24. dxc5 bxc5 25. Rc7
Bc4 26. a3 a5 27. Ree7 Bb3 28. Rxg7 d4 29. cxd4 cxd4 30. Rxh7 Rd8 31. Rcd7 {
1-0 Oliva,J-Blackman,M/WchJM-U14 Szeged 1994/TD 94\01 (31)}) 12. f3 Ng5 13.
Qxb4 Qe7 14. Qd2 g6 15. Nc3 c6 16. O-O Be6 17. Rae1 Rae8 18. f4 Nf7 19. f5 gxf5
20. g4 Rhg8 21. Kh1 Qd6 22. gxf5 Bd7 23. Qf4 h6 24. Qh4+ Kg7 25. Rg1+ Ng5 {
Hmadi,S-Norri,J/Moscow olm 1994/EXP 44/1/2-1/2 (68)}) 11... Re8 12. O-O b6 13.
Ne5+ $15 {A beautiful square!} (13. Nc3 c5 14. dxc5 bxc5 $11) 13... Kg8 14. f3
{Secures g4} c5 15. Qb3 cxd4 16. Nc6 Qd6 $11 (16... Nc5 $5 {
looks like a viable alternative} 17. Nxd8 Nxb3 18. axb3 Rxd8 $15) 17. Nxd4 $15
(17. fxe4 Qxc6 18. exd5 Qc5 $15) 17... Qc5 $11 (17... Nc5 18. Qc3 $15) 18. Qd1
Nf6 $11 (18... Ba6 19. Re1 (19. fxe4 $143 Rxe4 20. Rf2 Qxd4 $17) 19... Ng5 20.
Rxe8+ Rxe8 21. Na3 $15) 19. Nc3 $15 (19. Qd2 Ba6 20. b4 Qe7 $11) 19... b5 $14 (
19... Ba6 $142 $5 {is worth consideration} 20. Rf2 Re3 $15) 20. Rc1 Qb6 21. b4
$11 (21. Ncxb5 $5 {is noteworthy} Ba6 22. a4 Bxb5 23. axb5 $16) 21... Bb7 $14 (
21... Bd7 $5 $11 {is worth looking at}) 22. Kh1 $11 (22. Ncxb5 $5 Re7 23. a4
$16) 22... a6 23. Nce2 Rac8 24. Qd2 Rc4 {The rook dominates} 25. Rxc4 $15 (25.
Rfe1 Qd6 26. a3 Rxc1 27. Rxc1 Qe5 $11) 25... bxc4 {Black gets more space} 26.
Qc3 Qd6 27. Ng3 Qe5 28. a3 Qe3 29. Qxe3 Rxe3 30. a4 (30. Ra1 Rd3 31. Nge2 Nh5
$15) 30... Ra3 31. a5 Rd3 32. Nge2 Bc8 33. Nc6 $17 (33. Kg1 $142 $5 $15 {
should not be overlooked}) 33... Re3 $15 (33... Bd7 $5 34. Ncd4 Rd2 $17) 34.
Ncd4 {A sound move} Kf7 35. Kg1 Re8 36. Kf2 Bd7 37. Nc3 Rb8 38. Rb1 Ne8 $16 (
38... Ke7 $142 $5 $15 {is a viable option}) 39. Nxd5 Nd6 $18 (39... Rb7 $142 $5
$16) 40. Re1 $16 (40. Nc7 $142 $5 $18) 40... Re8 $18 (40... Rd8 41. Nc7 Ne8 42.
Nxa6 $18) 41. Rc1 $16 (41. Rxe8 $5 Nxe8 42. Nb6 Ke7 $18) 41... Rc8 42. Nb6 Rc7
43. Rc3 Nb5 44. Nxb5 Bxb5 45. g4 $16 (45. Ke3 Rc6 $16) 45... g5 46. Kg3 Ke6 47.
f4 h6 48. Re3+ $14 (48. Kf3 Bc6+ 49. Ke3 gxf4+ 50. Kxf4 Bd5 $16) 48... Kd6 $2
$18 (48... Kf7 $142 $5 {would keep Black in the game} 49. Nd5 Rd7 $14) 49. Rc3
$4 $11 {White loses the upper hand} (49. f5 $142 {
White missed this excellent chance} Kc6 50. Kf3 $18) 49... Ke6 50. Kf3 Kd6 51.
f5 Ke5 {Black gets in control} 52. Re3+ Kd4 {Black plans c3} 53. Re4+ Kd3 54.
Re3+ $11 (54. Re5 $5 $16) 54... Kd2 $14 (54... Kd4 $5 $11 {must be considered})
55. Kf2 $4 $19 {White has let it slip away} (55. Re2+ $142 {would save the game
} Kd3 56. Re5 $16) 55... c3 56. f6 (56. Nd5 c2 57. Nxc7 c1=Q 58. Nxb5 axb5 $19)
56... c2 57. Re1 c1=Q {Threatening mate... how?} 58. Rxc1 Rxc1 59. Nd5 Bc4 (
59... Rf1+ {seems even better} 60. Kg3 Bc6 61. Ne7 $19) 60. Ne3 Bf7 61. Nf5 Rc6
62. Kf3 Kd3 63. Kg3 (63. Nxh6 {does not solve anything} Rxf6+ 64. Nf5 Bg6 $19)
63... Rxf6 64. h4 Be6 65. hxg5 hxg5 66. Ne7 Rf4 67. Ng6 Rxg4+ 68. Kf3 Rxb4 69.
Ne5+ Kd2 70. Kg3 (70. Ng6 {does not improve anything} Rb5 $19) 70... Rb3+ 71.
Kf2 g4 72. Nc6 g3+ (72... Bd5 73. Kf1 g3 74. Ne5 Rb1#) 73. Kg1 (73. Kg2 {
cannot change what is in store for ?} Bd5+ 74. Kh3 g2+ 75. Kh2 Rb1 76. Kg3
g1=Q+ 77. Kf4 Qg7 78. Ne5 Rf1+ 79. Nf3+ Rxf3#) 73... Bd5 (73... Bd5 74. Ne5
Rb1#) 0-1

[Event "Modbury Championship"]
[Site "Modbury"]
[Date "1997.??.??"]
[Round "?"]
[White "Porlaje, Benjamin"]
[Black "Madsen, John"]
[Result "0-1"]
[WhiteElo "1270"]
[BlackElo "1195"]
[Annotator "Fritz 5.32"]
[PlyCount "46"]
[EventDate "1997.??.??"]
[EventType "tourn"]
[EventRounds "11"]
[EventCountry "AUS"]

1. d4 Nf6 {
Opening = A51 - Budapester Gambit-Fajarowicz V /Budapest Defence-Fajarowicz V}
2. c4 e5 3. e3 c6 $14 (3... exd4 4. exd4 Be7 5. Nf3 $11) (3... Nc6 4. Nf3 (4.
d5 Ne7 5. Nf3 (5. Nc3 Ng6 6. a3 a6 7. Nf3 d6 8. Bd3 Be7 9. Qc2 Nf8 10. Bd2 N8d7
11. b4 a5 12. O-O O-O 13. Ng5 h6 14. Nge4 Nxe4 15. Nxe4 f5 16. Ng3 e4 17. Be2
Bf6 18. Rab1 axb4 19. axb4 Ne5 {
Herzog,M-Szepessy,T/Bad Ragaz op 1992/TD 92\04/1-0 (35)}) 5... Ng6 6. Nc3 Be7
7. Bd3 d6 8. Qc2 O-O 9. Bf5 Bxf5 10. Qxf5 Qd7 11. g4 Rae8 12. e4 Bd8 13. h4 Ne7
14. Qxd7 Nxd7 15. h5 h6 16. Ke2 Nc5 17. Be3 Nc8 18. Rag1 f6 {
Hauer,D-Hartleif,S/Schoeneck 1996/1-0 (33)}) 4... Bb4+ 5. Nc3 exd4 6. exd4 O-O
7. Be2 Ne4 8. Qc2 Re8 9. O-O Nxc3 10. bxc3 Bxc3 11. Qxc3 Rxe2 12. d5 Nb8 13.
Be3 d6 14. Nd4 Rxe3 15. fxe3 Na6 16. e4 g6 17. Rf4 Bd7 18. Raf1 Be8 19. Ne6 {
1-0 Reis,L-Morais,V/Lisbon Masters-B 1996/EXP 51 (19)}) 4. Nc3 $11 (4. dxe5
Qa5+ 5. Nc3 Qxe5 $14) 4... d6 5. Bd3 h5 6. Nge2 Ng4 7. h3 Nf6 8. O-O Qe7 {
Black is behind in development.} 9. Re1 Ng4 $2 $18 (9... e4 $142 {
is the best option Black has} 10. Bc2 d5 $11) 10. Ng3 $14 (10. hxg4 $142 $5
hxg4 11. Ng3 $18) 10... Nh6 11. d5 {White wins space} h4 12. Nf1 Bxh3 $4 $18 (
12... g5 $142 $14 {would bring relief}) 13. Qf3 $4 $19 {forfeits the clear win}
(13. gxh3 $142 {secures victory} g5 14. dxc6 bxc6 15. Qf3 $18) 13... Bg4 14.
Be4 (14. Nh2 {doesn't change anything anymore} Bxf3 15. Nxf3 g5 $19) 14... Bxf3
15. Bxf3 h3 16. gxh3 Nf5 (16... Qh4 {keeps an even firmer grip} 17. Bg2 $19)
17. Bg2 (17. Bg4 {doesn't improve anything} g6 $19) 17... Qf6 (17... Nh4 {
and Black can already relax} 18. e4 $19) 18. dxc6 bxc6 19. f4 Qg6 20. Kh2 Nd7 (
20... Nh4 {makes it even easier for Black} 21. Bh1 $19) 21. Bxc6 Rc8 22. Be4 (
22. Bg2 {does not win a prize} Rxc4 23. a3 Be7 $19) 22... Rxc4 (22... Nf6 {
keeps an even firmer grip} 23. Bg2 Nh4 24. Bh1 Ng4+ 25. Kg1 Nxe3+ 26. Kf2 Nxf1
27. Rxf1 Rxc4 28. Bd2 $19) 23. Ng3 (23. Bg2 $19 {there is nothing else anyway})
23... Qxg3+ (23... Qxg3+ 24. Kh1 Rxh3#) 0-1